00661nam a2200193Ia 4500999001500000020001800015082001500033245008700048260004300135300001300178504001900191650002400210650002000234650004100254700002400295700002000319942000700339952012100346 c5136d5136 a0-7619-3045-0 a303.6 SAG- 0aSage handbook of conflict communication: integrating theory, research and practice aThousand OaksbSage Publicationsc2006 axvi, 792 aincludes index aConflict management aSocial conflict aCommunication in the social sciences aTing-Toomey, Stella aOetzel, John G. cBK 00104070aNASSDOCbNASSDOCd2006-06-26eBSBi2006-06-20l0o303.6 SAG-p41897r2019-04-18 00:00:00w2019-04-18yBK